书目信息 |
| 题名: |
生命中的至爱
|
|
| 作者: | 法戈 著 ;李家真 译 | |
| 分册: | ||
| 出版信息: | 北京 外语教学与研究出版社 2004.05 |
|
| 页数: | 127页 | |
| 开本: | 20cm | |
| 丛书名: | ||
| 单 册: | ||
| 中图分类: | I712.25 | |
| 科图分类: | ||
| 主题词: | 文学 | |
| 电子资源: | ||
| ISBN: | 7-5600-4140-X | |
| 000 | 00650nam0 2200217 450 | |
| 001 | 0775657646 | |
| 005 | 20071221210130.28 | |
| 010 | @a7-5600-4140-X@dCNY18.00 | |
| 100 | @a20071221d2004 km y0chiy0120 ea | |
| 101 | 0 | @achi |
| 102 | @aCN@b110000 | |
| 200 | 1 | @a生命中的至爱@Asheng ming zhong de zhi ai@f(美)法戈著@F(mei)fa ge zhu@g李家真译@Gli jia zhen yi |
| 210 | @a北京@c外语教学与研究出版社@d2004.05 | |
| 215 | @a127页@d20cm | |
| 606 | 0 | @a文学 |
| 690 | @aI712.25@v4 | |
| 701 | 0 | @a法戈@Afa ge@4著 |
| 702 | 0 | @a李家真@Ali jia zhen@4译 |
| 801 | 0 | @aCN@b大连网信软件有限公司图书馆@c20071221 |
| 905 | @aBZT@dI712.25@e1 | |
| 906 | @dCNY18.00@n0@r1 | |
| 生命中的至爱/(美)法戈著/李家真译.-北京:外语教学与研究出版社,2004.05 |
| 127页;20cm |
| ISBN 7-5600-4140-X:CNY18.00 |
| ● |
| 相关链接 |
|
|
|
正题名:生命中的至爱
索取号:I712.25/1
 
预约/预借
| 序号 | 登录号 | 条形码 | 馆藏地/架位号 | 状态 | 备注 |
| 1 | 636565 | 2000636565 | 中心书库中库/打包BH1680/ [索取号:I712.25/1] | 在馆 | |
| 2 | 636566 | 2000636566 | 中心书库中库/打包BH1680/ [索取号:I712.25/1] | 在馆 | |
| 3 | 636567 | 2000636567 | 中心书库中库/打包BH1680/ [索取号:I712.25/1] | 在馆 | |
| 4 | 636568 | 2000636568 | 中心书库中库/打包BH1680/ [索取号:I712.25/1] | 在馆 | |
| 5 | 636569 | 2000636569 | 中心书库中库/打包BH1680/ [索取号:I712.25/1] | 在馆 | |
| 6 | 636570 | 2000636570 | 中心书库中库/打包BH1680/ [索取号:I712.25/1] | 在馆 | |
| 7 | 636571 | 2000636571 | 中心书库中库/打包BH1680/ [索取号:I712.25/1] | 在馆 | |
| 8 | 636572 | 2000636572 | 中心书库中库/打包BH1680/ [索取号:I712.25/1] | 在馆 | |
| 9 | 636573 | 2000636573 | 中心书库中库/打包BH1680/ [索取号:I712.25/1] | 在馆 | |
| 10 | 636574 | 2000636574 | 中心书库中库/打包BH1680/ [索取号:I712.25/1] | 在馆 |